| 000 | 005680000a22002050004500 | ||
|---|---|---|---|
| 003 | LK-CoMWRAF | ||
| 005 | 20231120125904.0 | ||
| 008 | 230817t2005 ||||| |||| 00| 0 eng d | ||
| 020 | _a8178981106 | ||
| 040 |
_aLK-CoMWRAF _dLK-CoMWRAF _eLK-CoMWRAF |
||
| 041 | _aeng | ||
| 082 |
_a297.2 _bKHA |
||
| 100 | _aKhan, Maulana Wahiduddin | ||
| 245 |
_aSimple Wisdom: _bA Daybook of Spiritual Living |
||
| 260 |
_aNew Delhi: _bGoodword Books, _c2005 |
||
| 300 | _a631 p. | ||
| 650 | _aBABISM | ||
| 650 | _aBahai Faith-Theological Conceptions and Doctrines | ||
| 942 | _cBK | ||
| 999 |
_c1495 _d1495 |
||